| 000 | 00641nam a2200193Ia 4500 | ||
|---|---|---|---|
| 003 | IN-BaIIA | ||
| 008 | 211028s9999 xx 000 0 eng d | ||
| 040 | _cIIA Library | ||
| 080 |
_a083.7:621.791.65 _bISI |
||
| 110 | _aIndian Standards Institution | ||
| 245 | 0 |
_aIndian standard approval tests for welders working to approved welding procedures _bpt. 1, fusion welding of steel _cIndian Standards Institution |
|
| 260 |
_aNew Delhi _bIndian Standards Institution _c1974 |
||
| 300 | _a18p. | ||
| 500 | _aIS 7310 : Part 1 : 1974 | ||
| 650 | _a Standards | ||
| 650 |
_a Steel Welding _99148 |
||
| 650 | _aNASA Thesaurus | ||
| 942 | _cBK | ||
| 999 |
_c5162 _d5162 |
||